000 02507nam a2200277 a 4500
001 000006054
005 20251120073731.0
008 090826s2004 dr 000 0 spa d
020 _a9993458228
040 _aDO-SdBNP
_bspa
_cBNPHU
082 _a352
_bE82g
245 0 0 _aEstrategias de gestión pública /
_ceditor José Oviedo ; prólogo Rogelio Pérez Bustamante.
260 _aSanto Domingo :
_bPUCMM,
_c2004.
300 _a421 p. ;
_c23 cm.
500 _aEn la portada: Programa caribeño a nivel universitario Gestión Pública PCUMM-UNIÓN EUROPEA.
505 0 _gPrólogo /
_rRogelio Pérez Bustamante--
_gPresentación /
_rJosé Oviedo --
_tGestión pública : consideraciones teóricas y operativas /
_rJuan Antonio Garde Roca --
_tTemas sobre la formulación e implementación de políticas públicas en el Caribe /
_rEdwin Jones --
_tEl servicio civil de carrera hoy : crisis y vigencia /
_rManuel Villoria --
_tLa administración del desempeño : una ciencia sutil /
_rFrancis Terry --
_tEsquema conceptual para un sistema de pago de bonificación basado en el desempeño, a empleados del sector público /
_rJohn Pilgrim --
_tLa gestión de la calidad y la evaluación del rendimiento como estrategias en la mejora de la gestión pública /
_rJosé Vicente Gómez Rivas y José Manuel Ruano de la Fuente --
_tEstrategias para la gerencia del sector público. Aplicación del enfoque del marco lógico /
_rWinston Ramaurtasing --
_tDirección estratégica /
_rLuis F. Aguilar --
_tCultura organizacional y cambios organizacionales /
_rFrancesco Avallones --
_tIncorporación de una perspectiva de igualdad entre el hombre y la mujer en la administración pública : panorama general /
_rGwendoline Williams y Claudia Harvey --
_tLa poliglotía de pueblos : diversidad étnica y liderazgo en el sector público del Caribe /
_rDeryck Brown --
_tEl apoyo del entorno al servicio público y la construcción de una infraestructura sólida para la ética /
_rJanos Bertok --
_tPresentación y participación: dilemas, tensiones e interrelaciones /
_rJosé Oviedo --
_gLos autores.
590 _aInventariado,2018/DG
650 0 _aAdministración pública
_99266
650 4 _aFunción pública
_9659
650 4 _aCalidad total en administración pública
_917055
650 4 _aMedicion del trabajo
_917056
700 1 _aOviedo, José,
_eed.
_92671
700 1 _aPérez Bustamante, Rogelio,
_epról.
_917057
710 2 _aPontificia Universidad Católica Madre y Maestra
_9843
910 _aValidado. Control de calidad EMS
999 _c5850
_d5850